[Event "AUTO-OPEN-4596"]
[Site "http://www.queenalice.com/game.php?id=1857845"]
[Date "2025.5.24"]
[Round "1"]
[White "game"]
[Black "hjs50667"]
[Result "0-1"]
[WhiteElo "1529"]
[BlackElo "2323"]

1. e4 e6 2. Nf3 c5 3. Bc4 d6 4. Nc3 Nf6 5. d3 Be7 6. O-O Nc6 7. Ng5 O-O 8. Qf3
d5 9. Bb5 Nd4 10. Qd1 a6 11. Ba4 b5 12. Bb3 c4 13. dxc4 dxc4 14. e5 Ne8 15. Nce4
cxb3 16. axb3 Bb7 17. Qd3 Nf5 18. Qh3 h6 19. Nf3 Bxe4 20. Qg4 Bxf3 21. gxf3 Qc7
22. Bf4 Qxc2 23. h4 Qxb3 24. Kh2 Nxh4 25. Bxh6 Nxf3+ 26. Kg2 Nxe5 27. Qxg7+ Nxg7
28. Rae1 Qf3+ 29. Kg1 Qg4+ 30. Kh1 Nf3 31. Re3 Qh3# 0-1

[Event "The March Open"]
[Site "http://www.queenalice.com/game.php?id=1857946"]
[Date "2025.5.26"]
[Round "2"]
[White "hjs50667"]
[Black "nicholasmorassutti"]
[Result "1-0"]
[WhiteElo "2319"]
[BlackElo "1558"]

1. e4 e5 2. Nf3 Nc6 3. Bb5 d5 4. Nxe5 f6 5. Nxc6 Qd7 6. exd5 a6 7. Qh5+ g6 8.
Qe2+ Be7 9. Nxe7 Qxb5 10. c4 Qc5 11. Nxg6+ Kf7 12. Nxh8+ Kg7 13. d3 Qa5+ 14. Nc3
Bd7 15. O-O Kxh8 16. Ne4 Re8 17. Bd2 Qb6 18. Bc3 Bf5 19. Qf3 Nh6 20. c5 Qb5 21.
Nxf6 Bxd3 22. Nxe8+ Kg8 23. Qf6 Qd7 24. Qh8+ Kf7 25. Qg7+ Kxe8 26. Rfe1+ 1-0

[Event "AUTO-INT-3904"]
[Site "http://www.queenalice.com/game.php?id=1858294"]
[Date "2025.6.4"]
[Round "3"]
[White "MMA34"]
[Black "hjs50667"]
[Result "0-1"]
[WhiteElo "1892"]
[BlackElo "2327"]

1. e4 e5 2. Nf3 Nf6 3. Nc3 Nc6 4. Bb5 Bb4 5. O-O O-O 6. Re1 d6 7. a3 Bxc3 8.
dxc3 Ne7 9. Bg5 Ng6 10. Bd3 h6 11. Be3 d5 0-1

[Event "AUTO-INT-3904"]
[Site "http://www.queenalice.com/game.php?id=1858295"]
[Date "2025.6.4"]
[Round "3"]
[White "hjs50667"]
[Black "MMA34"]
[Result "1-0"]
[WhiteElo "2326"]
[BlackElo "1894"]

1. Nf3 c5 2. c4 Nf6 3. Nc3 g6 4. d4 e6 5. d5 d6 6. e4 e5 7. Be2 Bg7 8. O-O a6 9.
h3 Nbd7 10. Be3 h6 11. Qd2 Rb8 12. a4 g5 13. a5 1-0

[Event "AUTO-OPEN-4580"]
[Site "http://www.queenalice.com/game.php?id=1859073"]
[Date "2025.6.23"]
[Round "2"]
[White "bmax"]
[Black "hjs50667"]
[Result "0-1"]
[WhiteElo "2269"]
[BlackElo "2350"]

1. d4 Nf6 2. Nf3 g6 3. e3 d5 4. c4 c6 5. Nc3 Bg7 6. Bd3 O-O 7. O-O Bg4 8. e4
Bxf3 9. Qxf3 dxe4 10. Nxe4 Nxe4 11. Bxe4 Qxd4 12. Qe2 Na6 13. Bf3 Qe5 14. Qxe5
Bxe5 15. Bg5 f6 16. Be3 Rfd8 17. Rfd1 Kf7 18. Rab1 Nb4 19. a3 Rxd1+ 20. Bxd1 Nd3
21. b4 Bf4 22. Bd4 e5 23. Bc3 Rd8 24. Bc2 e4 25. f3 exf3 26. gxf3 Ne5 27. Bxe5
Bxe5 28. Rd1 Rxd1+ 29. Bxd1 Ke6 30. a4 Bc3 31. b5 Ke5 32. Kg2 Kd4 0-1

[Event "AUTO-OPEN-4580"]
[Site "http://www.queenalice.com/game.php?id=1859074"]
[Date "2025.6.23"]
[Round "2"]
[White "hjs50667"]
[Black "bmax"]
[Result "1-0"]
[WhiteElo "2361"]
[BlackElo "2246"]

1. e4 c6 2. d4 d5 3. Nc3 dxe4 4. Nxe4 Bf5 5. Ng3 Bg6 6. Nf3 Nd7 7. h4 h6 8. h5
Bh7 9. Bd3 Bxd3 10. Qxd3 e6 11. Bf4 Ngf6 12. O-O-O Be7 13. Kb1 O-O 14. Ne4 Qa5
15. Nxf6+ Nxf6 16. Ne5 Rad8 17. Qg3 Ne4 18. Qf3 Nf6 19. g4 Nd5 20. Bc1 f6 21.
Ng6 Rf7 22. Rhe1 Bd6 23. Rxe6 Nc7 24. Re2 Qb5 25. Rde1 a5 26. Bf4 Bxf4 27. Qxf4
Rfd7 28. c3 Qg5 29. Qg3 a4 30. a3 Qb5 31. Qf3 Nd5 32. Re8+ Rxe8 33. Rxe8+ Kf7
34. Rf8+ Ke6 35. Rc8 Qf1+ 36. Kc2 b5 37. Nf8+ 1-0

[Event "AUTO-ADV-4848"]
[Site "http://www.queenalice.com/game.php?id=1859460"]
[Date "2025.7.5"]
[Round "2"]
[White "hjs50667"]
[Black "Tartenfou93"]
[Result "1-0"]
[WhiteElo "2371"]
[BlackElo "2033"]

1. d4 Nf6 2. c4 d5 3. Nc3 c6 4. Nf3 Bg4 5. e3 e6 6. h3 Bh5 7. g4 Bg6 8. Ne5 Nbd7
9. h4 h5 10. Nxg6 fxg6 11. g5 Ng4 12. Bd3 e5 13. Bxg6+ Ke7 14. f3 exd4 15. exd4
Qc7 16. fxg4 Qg3+ 17. Kd2 hxg4 18. Qe1+ Qxe1+ 19. Kxe1 dxc4 20. Kf2 c5 21. Re1+
Kd8 22. Re8+ 1-0

[Event "AUTO-ADV-4848"]
[Site "http://www.queenalice.com/game.php?id=1859461"]
[Date "2025.7.5"]
[Round "2"]
[White "Tartenfou93"]
[Black "hjs50667"]
[Result "0-1"]
[WhiteElo "2071"]
[BlackElo "2381"]

1. d4 Nf6 2. Bf4 d5 3. e3 e6 4. Bd3 Bd6 5. Bg3 O-O 6. Nf3 c5 7. c3 Nc6 8. Nbd2
b6 9. Ne5 Bb7 10. f4 Ne7 11. O-O Ne4 12. Bh4 f6 13. Nef3 Nf5 14. Bf2 Nxf2 15.
Kxf2 Qc7 16. g4 Nxe3 17. Kxe3 Bxf4+ 18. Ke2 e5 19. Nh4 e4 20. Bc2 Bxd2 21. Kxd2
Qxh2+ 22. Qe2 Qxh4 23. Rae1 Qg5+ 24. Kd1 Bc8 25. Qe3 Qxe3 26. Rxe3 Bxg4+ 27. Kd2
f5 28. dxc5 f4 29. Ree1 e3+ 30. Kc1 bxc5 31. Bd1 Bxd1 32. Kxd1 Rae8 33. Ke2 g5
34. Rd1 g4 35. Rxd5 f3+ 36. Kd3 e2 0-1

[Event "AUTO-ADV-4843"]
[Site "http://www.queenalice.com/game.php?id=1859472"]
[Date "2025.7.5"]
[Round "2"]
[White "Capixaba789"]
[Black "hjs50667"]
[Result "0-1"]
[WhiteElo "1887"]
[BlackElo "2344"]

1. d4 Nf6 2. Nc3 d5 3. f4 Bf5 4. Nf3 e6 5. e3 Nbd7 6. Be2 Bb4 7. Bd2 O-O 8. O-O
c5 9. dxc5 Bxc5 10. Bd3 Rc8 11. Kh1 Ne4 12. Ne2 Qb6 13. Bxe4 Bxe4 14. Ned4 Qxb2
15. Rb1 Qxa2 16. Rxb7 Nb6 17. Qa1 Qxa1 18. Rxa1 Nc4 19. Be1 Nxe3 20. c3 Rb8 21.
Rab1 Bxb1 0-1

[Event "AUTO-ADV-4843"]
[Site "http://www.queenalice.com/game.php?id=1859473"]
[Date "2025.7.5"]
[Round "2"]
[White "hjs50667"]
[Black "Capixaba789"]
[Result "1-0"]
[WhiteElo "2343"]
[BlackElo "1889"]

1. d4 d5 2. c4 dxc4 3. Nc3 Nf6 4. Nf3 e6 5. e3 c5 6. Bxc4 cxd4 7. exd4 Be7 8.
O-O O-O 9. Qe2 Nc6 10. Rd1 Qc7 11. Bg5 Nd5 12. Bxe7 Ndxe7 13. Rac1 Nf5 14. d5
exd5 15. Nxd5 Qb8 16. b4 Nh6 17. b5 Na5 18. Bd3 Ng4 19. Qe4 f5 20. Qe7 1-0

[Event "AUTO-ADV-4843"]
[Site "http://www.queenalice.com/game.php?id=1859474"]
[Date "2025.7.5"]
[Round "2"]
[White "pomar"]
[Black "hjs50667"]
[Result "0-1"]
[WhiteElo "1923"]
[BlackElo "2348"]

1. f3 d5 2. Kf2 e5 3. e3 Nc6 4. g3 h5 5. Bg2 h4 6. Bh3 Bxh3 7. Nxh3 Qd7 8. Kg2
O-O-O 9. d4 g5 10. Nxg5 h3+ 11. Kf2 f6 12. dxe5 fxg5 13. f4 Nh6 14. Rf1 Ng4+ 15.
Kg1 Bc5 16. Qf3 gxf4 17. gxf4 d4 18. e4 d3+ 19. Kh1 dxc2 20. Nc3 Nf2+ 21. Rxf2
Qd1+ 22. Nxd1 cxd1=Q+ 23. Rf1 Qxf3+ 24. Rxf3 Rd1+ 0-1

[Event "AUTO-ADV-4843"]
[Site "http://www.queenalice.com/game.php?id=1859475"]
[Date "2025.7.5"]
[Round "2"]
[White "hjs50667"]
[Black "pomar"]
[Result "1-0"]
[WhiteElo "2349"]
[BlackElo "1921"]

1. e4 e6 2. d4 d5 3. Nc3 Bb4 4. e5 c5 5. a3 cxd4 6. axb4 dxc3 7. bxc3 Qc7 8. Qd4
Nc6 9. Bb5 Ne7 10. f4 a6 11. Bxc6+ Nxc6 12. Qc5 b6 13. Qe3 Na7 14. Ne2 Nb5 15.
O-O Bd7 16. Rf3 Bc6 17. Rg3 O-O 18. c4 dxc4 19. f5 exf5 20. Rxg7+ Kxg7 21. Qg5+
Kh8 22. Qf6+ Kg8 23. Bh6 Rfe8 24. Qg7# 1-0

[Event "The March Open"]
[Site "http://www.queenalice.com/game.php?id=1859676"]
[Date "2025.7.8"]
[Round "3"]
[White "digger"]
[Black "hjs50667"]
[Result "0-1"]
[WhiteElo "1675"]
[BlackElo "2360"]

1. d4 Nf6 2. Nc3 d5 3. e3 Bf5 4. Bd3 e6 5. Bxf5 exf5 6. Nf3 c6 7. a3 Bd6 8. Nh4
g6 9. O-O O-O 10. f4 Nbd7 11. b4 Ne4 12. Bd2 Qxh4 13. Be1 Qe7 14. Ne2 Nb6 15. c3
Nc4 16. Qc1 a5 17. Rf3 Ra7 18. Qb1 Ned2 19. Bxd2 Nxd2 20. Qd3 Nxf3+ 21. Kh1 Nxh2
22. Kxh2 axb4 23. c4 dxc4 24. Qxc4 Rxa3 25. Rxa3 bxa3 26. Qb3 Qh4+ 27. Kg1 Qe1+
28. Kh2 Qxe2 29. Kg3 Qb2 0-1

[Event "AUTO-MASTER-3258"]
[Site "http://www.queenalice.com/game.php?id=1859975"]
[Date "2025.7.16"]
[Round "2"]
[White "andrevillares"]
[Black "hjs50667"]
[Result "0-1"]
[WhiteElo "2144"]
[BlackElo "2384"]

1. d4 Nf6 2. c4 g6 3. Nc3 d5 4. Nf3 Bg7 5. cxd5 Nxd5 6. e4 Nxc3 7. bxc3 c5 8.
Bc4 Nc6 9. Be3 O-O 10. O-O Qc7 11. Qe2 Bg4 12. Rfd1 cxd4 13. cxd4 e5 14. d5 Nd4
15. Bxd4 exd4 16. Rac1 Qf4 17. h3 Bxf3 18. Qxf3 Qxf3 19. gxf3 Be5 20. Rb1 Rac8
21. Bb3 Rc3 22. Rbc1 Rfc8 23. Rxc3 Rxc3 24. Kg2 d3 25. Rd2 Bf4 26. Rd1 b5 27. h4
a5 28. d6 Bxd6 29. Kh3 a4 30. Bd5 b4 31. Kg4 h5+ 32. Kh3 Bf4 33. Bb7 d2 34. Ba6
b3 35. axb3 axb3 36. Kg2 Rc1 37. Be2 b2 0-1